Allu Arjun Filmography - Statistics

General Stats
  • This quiz has been taken 68 times
    37 since last reset
  • The average score is 15 of 26
Answer Stats
Year Title % Correct
2004 Arya
96%
2009 Arya 2
96%
2021 Pushpa: The Rise
93%
2014 Race Gurram
82%
2005 Bunny
71%
2006 Happy
71%
2012 Julayi
71%
2011 Badrinath
68%
2003 Gangotri
68%
2010 Vedam
64%
2020 Ala Vaikunthapurramuloo
57%
2015 Rudhramadevi
57%
2016 Sarrainodu
57%
2015 S/O Satyamurthy
57%
2001 Daddy
54%
2007 Desamuduru
54%
2017 DJ: Duvvada Jagannadham
54%
2018 Naa Peru Surya, Naa Illu India
54%
2008 Parugu
54%
2024 Pushpa 2: The Rule
54%
2013 Iddarammayilatho
46%
2010 Varudu
46%
2014 Yevadu
36%
1985 Vijetha
18%
2007 Shankar Dada Zindabad
7%
1986 Swathi Muthyam
7%
No matching quizzes found
Score Distribution
Percent of People with Each Score
Percentile by Number Answered
Your Score History
You have not taken this quiz since the last reset